[Event "ch-FRA Women"]
[Site "Vichy FRA"]
[Date "2000.08.21"]
[Round "6"]
[White "Marchadour,C"]
[Black "Bonnafous,N"]
[Result "1/2-1/2"]
[WhiteElo "2126"]
[BlackElo "2035"]

1.e4 g6 2.d4 Bg7 3.Nc3 d6 4.Be3 Nd7 5.Qd2 c6 6.f4 b5 7.a3 Ngf6 8.Be2 O-O
9.e5 Ne8 10.Bf3 d5 11.f5 Nb6 12.fxg6 fxg6 13.b3 a5 14.Nge2 Nc7 15.O-O Na6
16.Nf4 Kh8 17.Rf2 Bd7 18.Raf1 Qc8 19.Nd3 Bf5 20.Bg5 Qc7 21.Be2 b4 22.axb4 axb4
23.Na2 c5 24.dxc5 Nxc5 25.Naxb4 Ne4 26.Qe3 Nxf2 27.Rxf2 Bxd3 28.Nxd3 Rxf2
29.Qxf2 Rf8 30.Bf3 Ra8 31.Be3 Ra1+ 32.Ne1 Qxe5 33.g3 d4 34.Bd2 Qf5 35.Qe2 Bf6
36.Be4 Qc8 37.Kg2 Nd7 38.Nf3 Nc5 39.Qc4 Qa6 40.Qxa6 Rxa6 41.Bd5 Ra2 42.b4 Rxc2
43.bxc5 Rxc5 44.Be4 Rb5 45.Kf2  1/2-1/2

[Event "Summer Festival Open"]
[Site "Lisbon POR"]
[Date "2000.08.22"]
[Round "2"]
[White "Padeiro,J"]
[Black "Komljenovic,D"]
[Result "0-1"]
[WhiteElo "2188"]
[BlackElo "2514"]

1.e4 g6 2.d4 Bg7 3.Nc3 d6 4.Be3 a6 5.Qd2 b5 6.h4 h5 7.Nh3 Nd7 8.d5 Ngf6 9.f3 Bb7
10.O-O-O c6 11.dxc6 Bxc6 12.Nf4 Qa5 13.Kb1 Rc8 14.Ncd5 Qxd2 15.Rxd2 Nxd5
16.exd5 Bb7 17.Bd4 Be5 18.g3 O-O 19.Bh3 Rc7 20.Re1 Bxd4 21.Rxe7 Bb6 22.Rxd7 Re8
23.a3 Rxd7 24.Bxd7 Re3 25.Bc6 Bc8 26.Re2 Bf5 27.Rxe3 Bxe3 28.Bb7 a5 29.b4 axb4
30.axb4 Bd2 31.Bc6 Bxb4 32.Bxb5 Be1 33.Ne2 Bh3 34.Nf4 Bc8 35.Ne2 Kg7 36.Kc1 f6
37.Kd1 Bf2 38.c4 Kf7 39.Kd2 g5 40.Kd1 Bf5 41.Ba6 Bh3 42.hxg5 fxg5 43.Nc3 Bxg3
44.Ne4 Bf4 45.c5 dxc5 46.Nxc5 h4 47.Ke2 Bf5 48.Kf2 g4 49.fxg4 Bxg4 50.Bf1 Kf6
51.d6 h3 52.d7 Bc7 53.Ne4+ Kf5 54.Ng3+ Kf4 55.Ne2+ Kg5 56.Ng3 Kh4 57.Ne4  0-1

[Event "ch-FRA Women"]
[Site "Vichy FRA"]
[Date "2000.08.23"]
[Round "8"]
[White "Muller,A"]
[Black "Bonnafous,N"]
[Result "1-0"]
[WhiteElo "2135"]
[BlackElo "2035"]

1.e4 g6 2.d4 Bg7 3.Nc3 d6 4.Bc4 e6 5.Nf3 Ne7 6.Bg5 h6 7.Be3 O-O 8.Qd2 Kh7
9.O-O-O d5 10.Bd3 dxe4 11.Nxe4 Nd5 12.Ng3 Nxe3 13.fxe3 Nd7 14.Nh5 Bh8 15.Nf4 Qe7
16.h4 e5 17.Nd5 Qd6 18.Nc3 f5 19.Nb5 Qb6 20.Bc4 a6 21.Ng5+ hxg5 22.hxg5+ Kg7
23.Qf2 Nf6 24.gxf6+ Qxf6 25.Nxc7 Rb8 26.Nd5 Qg5 27.dxe5 b5 28.Bb3 Bb7 29.Nf4  1-0

[Event "Open"]
[Site "Porto San Giorgio ITA"]
[Date "2000.08.25"]
[Round "6"]
[White "Aldrovandi,C"]
[Black "Faraoni,E"]
[Result "1-0"]
[WhiteElo "2351"]
[BlackElo "2174"]

1.e4 g6 2.d4 Bg7 3.Nc3 d6 4.Be3 c6 5.a4 d5 6.Nf3 Nf6 7.e5 Ng4 8.Bf4 f6 9.h3 fxe5
10.dxe5 O-O 11.Qd2 Nxf2 12.Kxf2 Nd7 13.Re1 Nc5 14.Kg3 Bf5 15.Bd3 d4 16.Bxf5 dxc3
17.Qxc3 Rxf5 18.Qxc5 Qf8 19.Qc4+ Kh8 20.Re4 h6 21.Nh4  1-0

[Event "ch-NED Women"]
[Site "Rotterdam NED"]
[Date "2000.08.25"]
[Round "4"]
[White "Harmsen,J"]
[Black "Bosboom Lanchava,T"]
[Result "0-1"]
[WhiteElo "2170"]
[BlackElo "2272"]

1.e4 d6 2.d4 g6 3.Nc3 Bg7 4.Be3 a6 5.a4 b6 6.Qd2 Bb7 7.f3 Nd7 8.Bc4 h6 9.Nge2 Ngf6
10.O-O e6 11.Rfe1 Kf8 12.Rad1 d5 13.exd5 exd5 14.Bb3 Kg8 15.Nf4 c6 16.Nce2 Ne8
17.c3 Nd6 18.Qd3 a5 19.Bc1 h5 20.Ng3 Nf8 21.Qe2 Bf6 22.Bc2 Ba6 23.Bd3 Bxd3
24.Nxd3 Rc8 25.Bf4 Bh4 26.Bxd6 Qxd6 27.Qe5 Qd8 28.Re2 Bf6 29.Qe3 c5 30.Ne5 cxd4
31.cxd4 Kg7 32.f4 Qd6 33.Qb3 Ne6 34.Rf2 Qb4 35.Qxb4 axb4 36.Ne2 Rc2 37.b3 Rb2
38.Rd3 Rc8 39.g3 Rcc2 40.Kf1 Bxe5 41.fxe5 Ng5 42.Re3 Ne4 43.Rf4 g5 44.Rfxe4 dxe4
45.h4 Rb1+ 46.Kf2 g4 47.d5 Kf8 48.Rxe4 Rxb3 49.e6 fxe6 50.Rxe6 Rd3 51.Ke1 b3
52.Nf4 Rxg3 53.Rf6+ Ke7 54.Rxb6 Rg1+  0-1

[Event "ch-FRA Women"]
[Site "Vichy FRA"]
[Date "2000.08.25"]
[Round "10"]
[White "Flear,C"]
[Black "Bonnafous,N"]
[Result "1/2-1/2"]
[WhiteElo "2230"]
[BlackElo "2035"]

1.d4 g6 2.e4 Bg7 3.Nc3 d6 4.Bc4 c6 5.Qf3 e6 6.Nge2 Ne7 7.h4 h5 8.Bg5 b5 9.Bb3 O-O
10.Rd1 Qc7 11.a3 e5 12.dxe5 dxe5 13.Qe3 Kh7 14.Qc5 Ng8 15.O-O Bg4 16.f3 Na6
17.Qd6 Qb6+ 18.Kh1 Bc8 19.Rd3 Rb8 20.Rfd1 Qf2 21.Qxc6 b4 22.axb4 Nxb4 23.Qa4 Nxd3
24.Rxd3 Bh6 25.Qa5 Bxg5 26.hxg5 Qh4+ 27.Kg1 Qxg5 28.f4 Qe7  1/2-1/2

[Event "ECh-u20 Girls"]
[Site "Aviles ESP"]
[Date "2000.08.26"]
[Round "10"]
[White "Iwaniuk,D"]
[Black "Chasovnikova,E"]
[Result "0-1"]
[WhiteElo "2220"]
[BlackElo "2251"]

1.e4 g6 2.d4 Bg7 3.Nc3 d6 4.Nge2 a6 5.a4 Nf6 6.g3 O-O 7.Bg2 Nbd7 8.h3 Rb8
9.a5 c5 10.Be3 b5 11.axb6 cxd4 12.Nxd4 Bb7 13.Nb3 Nxb6 14.Na5 Ba8 15.O-O Qc8
16.Bd4 e5 17.Be3 Rd8 18.Qd3 d5 19.Bxb6 Rxb6 20.Nxd5 Nxd5 21.exd5 Rxb2 22.c4 f5
23.Rfb1 e4 24.Qe3 Rc2 25.Rc1 Bxa1 26.Rxc2 Rxd5 27.Qb6 Rd3 28.c5 Bd4 29.Kh2 Bd5
30.Qd6 Qe6 31.Bf1 Rc3 32.Qd8+ Kg7 33.Rd2 Qe5 34.Qd7+ Kh6 35.Qd6 Rxc5 36.Qf8+ Qg7
37.Qd8 Qf6 38.Qb8 Rxa5 39.Qf4+ g5 40.Qc7 Ra2 41.Rxa2 Bxa2 42.h4 gxh4 43.Qf4+ Kg7  0-1

[Event "Summer Festival Open"]
[Site "Lisbon POR"]
[Date "2000.08.26"]
[Round "6"]
[White "Lohou,S"]
[Black "Leonardo,J"]
[Result "1-0"]
[WhiteElo "2157"]
[BlackElo "2301"]

1.e4 g6 2.d4 Bg7 3.Nc3 d6 4.Be3 c6 5.Bd3 Nd7 6.Qd2 Ngf6 7.Nge2 Ng4 8.Bg5 h6
9.Bh4 g5 10.Bg3 e5 11.dxe5 dxe5 12.h4 Nc5 13.f3 Nxd3+ 14.cxd3 gxh4 15.Bxh4 Nf6
16.d4 Qe7 17.dxe5 Qxe5 18.O-O-O Be6 19.f4 Qa5 20.f5  1-0

[Event "Open"]
[Site "Porto San Giorgio ITA"]
[Date "2000.08.26"]
[Round "7"]
[White "Middelburg,T"]
[Black "Zlochevskij,A"]
[Result "0-1"]
[WhiteElo "2328"]
[BlackElo "2450"]

1.e4 g6 2.d4 Bg7 3.Nc3 d6 4.Be3 a6 5.Qd2 Nd7 6.f3 b5 7.a4 b4 8.Nd1 Rb8 9.c3 bxc3
10.bxc3 c5 11.a5 Qc7 12.Nh3 e6 13.Nhf2 h5 14.Be2 Ne7 15.O-O Nc6 16.d5 exd5
17.exd5 Nxa5 18.Qa2 Nb3 19.Rb1 c4 20.Nb2 O-O 21.Nxc4 Nbc5 22.Rxb8 Qxb8 23.Bf4 Ne5
24.Nxe5 Bxe5 25.Bxe5 dxe5 26.Rd1 Qb6 27.Rb1 Qc7 28.Qc4 Qa7 29.Qb4 Bf5 30.Qb6 Ra8
31.Qxa7 Rxa7 32.Rb8+ Kg7 33.g4 hxg4 34.fxg4 Bc2 35.Rc8 Nd7 36.c4 a5 37.c5 a4
38.c6 Nb6 39.d6 a3 40.d7 a2 41.Rg8+ Kxg8 42.d8=Q+ Kg7 43.Qxb6 a1=Q+ 44.Kg2 Qd4  0-1

[Event "Open"]
[Site "Abudhabi UAE"]
[Date "2000.08.27"]
[Round "2"]
[White "Kadhi,H"]
[Black "Dzhumaev,M"]
[Result "0-1"]
[WhiteElo "2335"]
[BlackElo "2495"]

1.e4 g6 2.d4 Bg7 3.Nc3 d6 4.Be3 c6 5.a4 Nf6 6.h3 O-O 7.Nge2 Qa5 8.Bd2 Qc7
9.g3 e5 10.Be3 d5 11.exd5 Nxd5 12.Nxd5 cxd5 13.Bg2 Nc6 14.O-O Bf5 15.dxe5 Qxe5
16.c3 Be4 17.Bf4 Qf6 18.f3 Bf5 19.Qxd5 Rad8 20.Qc5 Rfe8 21.Rfe1 b6 22.Qf2 Bf8
23.b4 Nxb4 24.cxb4 Bxb4 25.Rec1 Bc5 26.Rxc5 bxc5 27.Rc1 g5 28.Be3 Qe7 29.Rc3 Rd1+
30.Kh2 Rd3 31.Bxg5 Qxg5 32.Qxc5 Rxe2 33.Rxd3 Rxg2+ 34.Kh1 Rxg3 35.Rd8+ Qxd8  0-1

[Event "ch-ESP"]
[Site "Barcelona ESP"]
[Date "2000.08.27"]
[Round "9"]
[White "Olea Perez,M"]
[Black "Cenal Gutierrez,R"]
[Result "1-0"]
[WhiteElo "2201"]
[BlackElo "2280"]

1.e4 d6 2.d4 g6 3.Nc3 Bg7 4.f4 Nf6 5.e5 Nfd7 6.Nf3 Nb6 7.Bd3 dxe5 8.fxe5 Nc6
9.Be3 Bg4 10.Qd2 Qd7 11.Ng5 O-O 12.h3 Bf5 13.Bxf5 Qxf5 14.Rf1 Qd7 15.Rxf7 Nc4
16.Qe2 Nxe3 17.Qxe3 Rxf7 18.e6 Rf1+ 19.Kxf1 Rf8+ 20.Nf3 Qxd4 21.Qxd4 Nxd4
22.Nd5 Nxe6 23.Nxe7+ Kf7 24.Nd5 Rd8 25.Ne3 Bxb2 26.Rb1 Ba3 27.Rxb7 Bc5 28.Rb3 Rd6
29.Nc4 Rd1+ 30.Ke2 Ra1 31.a3 Kf6 32.Kd3 Rf1 33.Ncd2 Ra1 34.Kc4 Bf8 35.Ne4+ Kg7
36.Rd3 Be7 37.Nc3 Rxa3 38.Re3 Kf7 39.Ne5+ Ke8 40.Nc6 Kd7  1-0

[Event "III Pyramiden-Franken Cup"]
[Site "Fuerth GER"]
[Date "2000.08.27"]
[Round "9"]
[White "Gyimesi,Z"]
[Black "Ibragimov,I"]
[Result "1/2-1/2"]
[WhiteElo "2539"]
[BlackElo "2575"]

1.d4 g6 2.e4 Bg7 3.Nc3 d6 4.Be3 Nd7 5.Qd2 a6 6.a4 b6 7.f3 c5 8.d5 Ngf6 9.Bh6 Bxh6
10.Qxh6 e5 11.Nge2 Ng8 12.Qd2 Ne7 13.Qh6 Ng8 14.Qd2 h5 15.Nd1 Nh6 16.Ne3 f5
17.Nc3 Nf6 18.Bd3 Bd7 19.Qe2 f4 20.Ned1 Bc8 21.h4 Nh7 22.Rb1 a5 23.b3 Nf7
24.Nb2 g5 25.hxg5 Qxg5 26.Kd2 Nf6  1/2-1/2

[Event "5th Paks Cup GM"]
[Site "Paks HUN"]
[Date "2000.08.27"]
[Round "9"]
[White "Kos,T"]
[Black "Berkes,F"]
[Result "1/2-1/2"]
[WhiteElo "2400"]
[BlackElo "2372"]

1.e4 g6 2.Nc3 Bg7 3.d4 d6 4.h4 e5 5.Be3 Nf6 6.dxe5 dxe5 7.Qxd8+ Kxd8 8.Rd1+ Nbd7
9.Bc4 Ke7 10.Nb5 c6 11.Nxa7 Nxe4 12.Nxc8+ Rhxc8 13.Bxf7 Nec5 14.Bb3 Nxb3
15.axb3 Ra2 16.Bc1 e4 17.h5 gxh5 18.Rxh5 Nf6 19.Rh4 Kf7 20.Ne2 Re8 21.Nc3 Ra5
22.g4 Kg8 23.g5 Nd5 24.Nxe4 Nb4 25.c3 Rae5 26.f3 Nd5 27.Kf2 Rf8 28.Kg3 Ne7
29.Kg2 Ng6 30.Rhh1 Ref5 31.Rh3 Ne5 32.f4 Ng6 33.Kg3 R5f7 34.Nf6+ Bxf6 35.gxf6 Rxf6
36.Rd4 Ne7 37.Rd7 R8f7 38.Kf3 b5 39.Rg3+ Rg6 40.Rxg6+ hxg6 41.Ke4 Kf8 42.Be3 Rf5
43.Rc7 Ke8 44.b4 Rf6 45.Ra7 Nd5 46.Bd2 Re6+ 47.Kf3 Rf6 48.Kg4 Rd6 49.Be1 Re6
50.Bh4 Re2 51.Ra8+ Kd7 52.Ra7+ Ke8 53.Ra2 Kd7 54.Bg5 Kd6 55.Ra8 Rxb2 56.Rg8 Nxc3
57.Rxg6+ Kd7 58.Rg7+ Kc8 59.Bf6 Rb3 60.Bxc3 Rxc3 61.f5 Kd8 62.f6 Ke8 63.Kf5 Rf3+
64.Ke6 Re3+ 65.Kd6 Rf3 66.Rg8+ Kf7 67.Rc8 Rb3 68.Rc7+ Kf8 69.Ke6 Re3+ 70.Kf5 Rf3+
71.Ke5 Re3+ 72.Kd4 Rb3 73.Kc5 Rc3+ 74.Kb6 Rb3 75.Rxc6  1/2-1/2

[Event "Open"]
[Site "Porto San Giorgio ITA"]
[Date "2000.08.27"]
[Round "8"]
[White "Bontempi,P"]
[Black "Faraoni,E"]
[Result "1-0"]
[WhiteElo "2273"]
[BlackElo "2174"]

1.e4 g6 2.d4 Bg7 3.Nc3 d6 4.Be3 c6 5.Qd2 b5 6.f3 Nd7 7.Bd3 Ngf6 8.g4 Nb6
9.Bh6 O-O 10.h4 Bh8 11.h5 Re8 12.hxg6 fxg6 13.e5 b4 14.Nd1 dxe5 15.dxe5 Qd5
16.exf6 exf6+ 17.Kf2 f5 18.Qxb4 c5 19.Qd2 c4 20.Be2 Qc5+ 21.Kf1 Nd5 22.gxf5 Bxf5
23.Rh4 Nb6 24.Be3 Qe7 25.Bg5 Qc5 26.Nc3 Re6 27.Rd1 Rae8 28.Ne4 Bxe4 29.Rxe4 Rxe4
30.fxe4 Rf8+ 31.Nf3 Qc8 32.Qe3 c3 33.bxc3 Be5 34.Rd4 Bxd4 35.cxd4 Qxc2 36.Qb3+  1-0

[Event "ch-NED Women"]
[Site "Rotterdam NED"]
[Date "2000.08.28"]
[Round "6"]
[White "Jap Tjoen San,L"]
[Black "Bosboom Lanchava,T"]
[Result "0-1"]
[WhiteElo "2210"]
[BlackElo "2272"]

1.e4 g6 2.d4 Bg7 3.Nc3 d6 4.Be3 Nf6 5.Qd2 a6 6.f3 O-O 7.Bh6 e5 8.d5 Nxe4
9.Nxe4 Qh4+ 10.g3 Qxh6 11.O-O-O Qxd2+ 12.Nxd2 Nd7 13.Ne2 f5 14.Bg2 Nf6 15.c4 Bd7
16.Nc3 Rae8 17.Rhe1 b5 18.a3 Bh6 19.cxb5 axb5 20.Kc2 e4 21.fxe4 Ng4 22.Nf1 fxe4
23.Bxe4 Nf2 24.Rd4 Bg7 25.Rb4 Bxc3 26.Kxc3 Nxe4+ 27.Rbxe4 Rxe4 28.Rxe4 Rxf1
29.b3 Kf7 30.Re2 Rd1 31.Rf2+ Kg7 32.Re2 Bf5 33.Re7+ Kh6 34.Kb4 Rd4+ 35.Kxb5 Rxd5+
36.Kc4 Rd1 37.a4 d5+ 38.Kb4 Rc1 39.a5 c5+ 40.Kb5 c4 41.b4 c3 42.a6 c2 43.a7 Ra1  0-1

[Event "Open"]
[Site "Abudhabi UAE"]
[Date "2000.08.29"]
[Round "4"]
[White "Kadhi,H"]
[Black "Jasim,A"]
[Result "1-0"]
[WhiteElo "2335"]
[BlackElo "2356"]

1.e4 g6 2.d4 Bg7 3.Nc3 d6 4.Nge2 Nd7 5.g3 e5 6.Be3 Ngf6 7.h3 O-O 8.Bg2 Re8
9.O-O c6 10.a4 a5 11.f4 exd4 12.Bxd4 Qc7 13.g4 Nc5 14.Ng3 b6 15.g5 Nfd7 16.Bxg7 Kxg7
17.Qd4+ Kg8 18.Rad1 Ba6 19.Rf2 Rad8 20.Qxd6 Qc8 21.Qd2 Nf8 22.Qc1 Rxd1+ 23.Qxd1 Qc7
24.e5 Rd8 25.Rd2 Nfe6 26.Rxd8+ Qxd8 27.Qxd8+ Nxd8 28.Kf2 b5 29.Nge4 Nxa4
30.Nxa4 bxa4 31.Nc5 Bb5 32.Ke3 Kf8 33.Kd4 Be2 34.Nxa4 Bd1 35.Be4 Ne6+ 36.Ke3 c5
37.Nc3 Bh5 38.Nd5 Kg7 39.Nb6 Nd4 40.Nd7 Ne6 41.Bd5  1-0

[Event "ch-HUN KO"]
[Site "Budapest HUN"]
[Date "2000.09.01"]
[Round "3.1"]
[White "Molnar,Be"]
[Black "Czebe,A"]
[Result "0-1"]
[WhiteElo "2373"]
[BlackElo "2520"]

1.e4 g6 2.d4 Bg7 3.Nc3 d6 4.Be3 a6 5.Qd2 b5 6.a4 b4 7.Nd1 Nf6 8.Bd3 Ng4 9.Nf3 Nxe3
10.Nxe3 c5 11.c3 Nc6 12.d5 Na5 13.Qc2 Rb8 14.O-O bxc3 15.bxc3 Rb3 16.e5 dxe5
17.Bc4 Rb8 18.Qe4 f5 19.Qh4 f4 20.Ng5 Nxc4 21.Nxc4 Qxd5 22.Na3 h6 23.Rfd1 Qc6
24.Nf3 Bf6 25.Nxe5 Bxe5 26.Nc4 Qf6  0-1

[Event "6th WUCC"]
[Site "Golden Sands BUL"]
[Date "2000.09.01"]
[Round "1"]
[White "Alvarado,C"]
[Black "Mester,G"]
[Result "0-1"]
[WhiteElo "2076"]
[BlackElo "2379"]

1.e4 g6 2.d4 Bg7 3.Nc3 d6 4.Nf3 Nf6 5.Bg5 h6 6.Bh4 c6 7.h3 Qb6 8.Rb1 O-O
9.Be2 g5 10.Bg3 Nh5 11.Bh2 Nf4 12.Bxf4 gxf4 13.Qd2 e5 14.d5 Qc7 15.O-O Qe7
16.Rfd1 c5 17.b4 Nd7 18.Na4 f5 19.bxc5 fxe4 20.cxd6 Qxd6 21.Nh2 Qg6 22.Kh1 Nf6
23.Rg1 e3  0-1

[Event "Open"]
[Site "Abudhabi UAE"]
[Date "2000.09.02"]
[Round "7"]
[White "Illijin,N"]
[Black "Jasim,A"]
[Result "1/2-1/2"]
[WhiteElo "2258"]
[BlackElo "2356"]

1.e4 g6 2.d4 Bg7 3.Nc3 d6 4.Be3 c6 5.Qd2 b5 6.f3 Nd7 7.h4 h5 8.Nh3 Nb6 9.b3 a5
10.a4 b4 11.Nd1 Qc7 12.Rc1 c5 13.c3 cxd4 14.cxd4 Qb7 15.Bb5+ Bd7 16.Qd3 Nh6
17.Nf4 O-O 18.Bxd7 Qxd7 19.d5 Qd8 20.Bd4 Nd7 21.Bxg7 Kxg7 22.Qd4+ Kh7 23.Nd3 Rc8
24.Rxc8 Qxc8 25.Ne3 Nc5 26.Nxc5 dxc5 27.Qe5 Qd7 28.Nc4 f6 29.Qg3 Qd8  1/2-1/2

[Event "ch-ISL KO"]
[Site "Kopavogur ISL"]
[Date "2000.09.03"]
[Round "4.4"]
[White "Thorhallsson,T"]
[Black "Gunnarsson,J"]
[Result "0-1"]
[WhiteElo "2454"]
[BlackElo "2368"]

1.e4 g6 2.d4 Bg7 3.Nc3 d6 4.Be3 Nd7 5.Qd2 a6 6.a4 Ngf6 7.Nf3 O-O 8.Rd1 c6
9.Bh6 Bxh6 10.Qxh6 Qb6 11.Qd2 e5 12.dxe5 dxe5 13.b3 Nc5 14.Nxe5 Ncxe4 15.Nxe4 Nxe4
16.Qd4 Qxd4 17.Rxd4 Bf5 18.g4 Rae8 19.f4 c5 20.Rd3 f6 21.gxf5 fxe5 22.fxg6 exf4
23.gxh7+ Kxh7 24.Rh3+ Kg7 25.Rg1+ Kf6 26.Rh6+ Ke5 27.Bd3 f3 28.Rh5+ Kf4 29.Kf1 Ke3
30.Bxe4 Rxe4 31.Rxc5 Kd2 32.Rgg5 Re1+ 33.Kf2 Re2+ 34.Kf1 Rxh2 35.Rgf5 Rxf5
36.Rxf5 Kxc2 37.b4 Rh4 38.b5 Rxa4 39.bxa6 Rxa6 40.Rb5 b6 41.Kf2 Kc3 42.Kxf3 Kc4
43.Rb1 Ra3+ 44.Ke2 b5 45.Rh1 Ra2+ 46.Ke3 Kc3 47.Rc1+ Rc2 48.Ra1 b4 49.Ra8 b3
50.Rc8+ Kb2 51.Ra8 Rc7 52.Kd3 Rd7+ 53.Ke2 Kb1 54.Rb8 b2 55.Ra8 Rd4 56.Ke3 Rd5
57.Ke2 Kc2 58.Rc8+ Kb3 59.Rb8+ Ka3 60.Ke3 Ra5 61.Kd2 Ka2 62.Kc2 b1=Q+  0-1

[Event "zt 1.1"]
[Site "Mondariz ESP"]
[Date "2000.09.03"]
[Round "1"]
[White "Reinaldo Castineira,R"]
[Black "Nijboer,F"]
[Result "0-1"]
[WhiteElo "2416"]
[BlackElo "2537"]

1.e4 d6 2.d4 g6 3.Nc3 Bg7 4.Be3 c6 5.a4 Nf6 6.h3 O-O 7.g4 e5 8.Bg2 exd4 9.Bxd4 d5
10.exd5 cxd5 11.Nge2 Nc6 12.Be3 h5 13.gxh5 Nxh5 14.Bxd5 Bf5 15.Bxc6 bxc6
16.Qxd8 Rfxd8 17.Rc1 Rab8 18.b3 c5 19.Bxc5 Rbc8 20.b4 a5 21.O-O axb4 22.Bxb4 Rc4
23.Na2 Bxh3 24.Rfe1 Be6 25.Ng3 Nxg3 26.fxg3 Rg4  0-1

[Event "Open"]
[Site "Abudhabi UAE"]
[Date "2000.09.04"]
[Round "9"]
[White "Arkhipov,S"]
[Black "Safin,S"]
[Result "0-1"]
[WhiteElo "2532"]
[BlackElo "2518"]

1.e4 g6 2.d4 Bg7 3.Nc3 d6 4.f4 Nf6 5.Nf3 O-O 6.Be2 c5 7.dxc5 Qa5 8.O-O Qxc5+
9.Kh1 Nc6 10.Nd2 Be6 11.Nb3 Qb6 12.Bf3 a5 13.Re1 a4 14.Be3 Qa6 15.Nd4 a3
16.b3 Bg4 17.Nxc6 Qxc6 18.Nd5 Bxf3 19.Nxe7+ Kh8 20.gxf3 Qd7 21.Nd5 Nxd5 22.Qxd5 Bxa1
23.Rxa1 Qh3 24.Qd1 b5 25.c3 Kg8 26.Qe2 Rac8 27.Bd4 Rfe8 28.Rg1 d5 29.Rg5 dxe4
30.fxe4 Rxc3 31.Bxc3 Qxc3 32.Rg1 Rc8 33.Rd1 b4 34.Kg2 Qf6 35.Kg3 Kg7 36.Qf2 Kg8
37.Rd2 h5 38.Qd4 Rc3+ 39.Kg2 Qxf4  0-1

[Event "zt 1.3"]
[Site "Reykjavic ISL"]
[Date "2000.09.05"]
[Round "1.1"]
[White "Thorhallsson,T"]
[Black "Agrest,E"]
[Result "1/2-1/2"]
[WhiteElo "2454"]
[BlackElo "2554"]

1.e4 g6 2.d4 Bg7 3.Nc3 d6 4.Be3 a6 5.h4 h6 6.Qd2 b5 7.O-O-O Nd7 8.d5 Ngf6
9.f3 Ne5 10.Qe1 b4 11.Nce2 Nc4 12.Bd4 c5 13.dxc6 Qa5 14.Nf4 Qxa2 15.Bxc4 Qxc4
16.Nd5 Qxc6 17.Qxb4 Be6 18.Nxf6+ exf6 19.Bc3 Rd8 20.Ne2 O-O 21.Nf4 Rd7 22.h5 g5
23.Nd5 Rc8 24.g4 Bxd5 25.Rxd5 f5 26.Rxf5 Bxc3 27.Qxc3 Qxc3 28.bxc3 Rxc3 29.Rh2 a5
30.Rd2 a4 31.Kb2 Rdc7 32.Ra5 Rxf3 33.Rxa4 Kg7 34.Rad4 Rg3 35.Rxd6 Rxg4 36.R6d4 Re7
37.Re2 Rh4 38.c4 f5 39.c5 Rhxe4 40.Rexe4 fxe4 41.c6 e3 42.Rd7 Rxd7 43.cxd7 e2
44.d8=Q e1=Q 45.Qd4+ Kf7 46.Qd3 Qf2+ 47.Kb3 Qb6+ 48.Ka4 Qc6+ 49.Kb4 Qe6 50.Qh7+ Ke8
51.Qh8+ Kd7 52.Kc5 Qd6+ 53.Kc4 Qa6+ 54.Kb4 Qb7+ 55.Ka5 Qd5+ 56.Kb4 Qe4+ 57.Ka5 Qf5+
58.Kb6 Qf2+ 59.Ka5 Qe1+ 60.Kb6 Qb4+ 61.Ka6 Qa4+ 62.Kb6 Qc6+ 63.Ka5 Qe6 64.Kb5 g4
65.Kc5 Qd6+ 66.Kc4 Qf4+ 67.Kd3 Qf3+ 68.Kd4 Qf2+ 69.Ke4 Qf3+ 70.Kd4 Qf4+ 71.Kd3 Qf5+
72.Kd4 Qg5 73.Ke4 Ke7 74.Qc3 Qxh5 75.Qg7+ Ke6 76.Qg8+ Kf6 77.Qf8+ Ke6 78.Qg8+ Kd7
79.Qg7+ Kc6 80.Qf6+ Kd7 81.Kf4 Qh3 82.Qd4+  1/2-1/2

[Event "LVI ch-POR"]
[Site "Barreiro POR"]
[Date "2000.09.06"]
[Round "5"]
[White "Pinheiro,J"]
[Black "Leonardo,J"]
[Result "1/2-1/2"]
[WhiteElo "2288"]
[BlackElo "2301"]

1.e4 g6 2.d4 Bg7 3.Nc3 d6 4.Be3 a6 5.a4 Nc6 6.h3 e5 7.Nf3 Bd7 8.Be2 Nf6 9.O-O O-O
10.dxe5 Nxe5 11.Nxe5 dxe5 12.Bc5 Re8 13.Re1 Bc6 14.Bc4 Bf8 15.Bxf8 Kxf8 16.Qf3 Kg7
17.Rad1  1/2-1/2

[Event "zt 1.1"]
[Site "Mondariz ESP"]
[Date "2000.09.06"]
[Round "4"]
[White "Nataf,IA"]
[Black "Nijboer,F"]
[Result "1-0"]
[WhiteElo "2526"]
[BlackElo "2537"]

1.e4 d6 2.d4 g6 3.Nc3 Bg7 4.f4 Nc6 5.Be3 Nf6 6.Nf3 O-O 7.Be2 e6 8.Qd2 b6
9.O-O-O Ne7 10.e5 Ng4 11.Ng5 Nxe3 12.Qxe3 Nd5 13.Nxd5 exd5 14.Bb5 Bg4 15.Bc6 Bxd1
16.Rxd1 Qe7 17.Bxa8 Rxa8 18.e6 f5 19.h3 Re8 20.Re1 Qf6 21.c3 Bf8 22.Kb1 b5
23.g4 Re7 24.Nf7 fxg4 25.hxg4 h5 26.gxh5 Qf5+ 27.Ka1 Qxh5 28.Nd8 Re8 29.Nc6 Be7
30.Nxa7 Bh4 31.Re2 Bg3 32.a3 Kg7 33.f5 Bf4 34.f6+ Kh7 35.Qxf4 Qxe2 36.Qh4+  1-0

[Event "zt 1.3"]
[Site "Reykjavic ISL"]
[Date "2000.09.07"]
[Round "1.3"]
[White "Thorhallsson,T"]
[Black "Agrest,E"]
[Result "0-1"]
[WhiteElo "2454"]
[BlackElo "2554"]

1.e4 g6 2.d4 Bg7 3.Nc3 d6 4.Be3 a6 5.Qd2 b5 6.O-O-O Bb7 7.f3 Nd7 8.Qe1 c6
9.h4 h6 10.Kb1 Qc7 11.h5 g5 12.f4 gxf4 13.Bxf4 b4 14.Na4 c5 15.dxc5 Nxc5
16.Nxc5 Qxc5 17.Nf3 a5 18.Be3 Qc7 19.Nd4 Bxe4 20.Bd3 Bxd3 21.Rxd3 Rc8 22.Qe2 Be5
23.Rf1 Nf6 24.Nf5 Nxh5 25.Bd4 Rg8 26.Bxe5 dxe5 27.Nxh6 Rg6 28.Nxf7 Nf4 29.Rxf4 exf4
30.Ne5 Rg5 31.Rd5 f3 32.Qb5+ Kf8 33.Nd7+ Kf7 34.Rf5+ Rxf5 35.Qxf5+ Ke8 36.Ne5 Qxc2+
37.Qxc2 Rxc2 38.gxf3 Rc5 39.Nd3 Rc4 40.Ne5 Rf4 41.Kc2 Rf5 42.Nc4 Rxf3 43.Nxa5 Kd7
44.Nc4 Ke6 45.Nd2 Rh3 46.Kd1 Kd5 47.Ke2 e5 48.Nf1 Kd4 49.Kd2 e4  0-1

[Event "chT-POL"]
[Site "Zakopane chT"]
[Date "2000.09.09"]
[Round "7"]
[White "Andrzejewska,E"]
[Black "Zielinska,Mar"]
[Result "0-1"]
[WhiteElo "2212"]
[BlackElo "2376"]

1.e4 g6 2.d4 Bg7 3.Nc3 d6 4.f3 e6 5.Be3 Ne7 6.Qd2 h6 7.Bd3 a6 8.Nge2 Nd7
9.Nd1 b6 10.c4 c5 11.Ndc3 Nc6 12.d5 Nd4 13.dxe6 fxe6 14.e5 Nxe5 15.Nxd4 cxd4
16.Bxd4 Nxc4 17.Bxg6+ Kd7 18.Qd3 Qh4+ 19.Bf2 Nxb2 20.Qc2 Qb4 21.Rc1 Bb7 22.a3 Qxc3+
23.Qxc3 Bxc3+ 24.Rxc3 Rhc8 25.Rxc8 Rxc8 26.O-O Nc4 27.a4 Rg8 28.Be4 Bxe4
29.fxe4 Kc6 30.Rc1 b5 31.Bg3 Rg4 32.e5 d5 33.axb5+ axb5 34.Ra1 b4 35.Ra6+ Kb5
36.Rxe6 b3 37.Rf6 b2 38.Rf1 Nd2  0-1

[Event "Open"]
[Site "Cesenatico ITA"]
[Date "2000.09.10"]
[Round "9"]
[White "Di Lazzaro,G"]
[Black "Perich,S"]
[Result "1-0"]
[WhiteElo "2015"]
[BlackElo "2043"]

1.e4 g6 2.d4 Bg7 3.Nc3 d6 4.Be3 c6 5.Qd2 b5 6.Bd3 Nd7 7.Nge2 Nb6 8.f3 Nc4
9.Bxc4 bxc4 10.O-O Nf6 11.Bh6 O-O 12.Bxg7 Kxg7 13.Ng3 Qa5 14.f4 e6 15.f5 c5
16.e5 Nd7 17.f6+ Kh8 18.Qh6 Rg8 19.Nce4 Nf8 20.Nxd6 Qc7 21.Nge4 cxd4 22.Ng5  1-0

[Event "chT-POL"]
[Site "Zakopane chT"]
[Date "2000.09.10"]
[Round "8"]
[White "Zezulkin,J"]
[Black "Urban,K"]
[Result "1/2-1/2"]
[WhiteElo "2529"]
[BlackElo "2472"]

1.e4 g6 2.d4 Bg7 3.Nc3 d6 4.Bc4 Nc6 5.Nge2 e5 6.Be3 Nf6 7.f3 a6 8.a4 O-O
9.Qd2 exd4 10.Nxd4 Re8 11.O-O Bd7 12.Rad1 Qb8 13.Nde2 Ne5 14.Bb3 b5 15.a5 Be6  1/2-1/2

[Event "World Seniors"]
[Site "Rowy POL"]
[Date "2000.09.12"]
[Round "2"]
[White "Balcerowski,W"]
[Black "Chernikov,O"]
[Result "0-1"]
[WhiteElo "2226"]
[BlackElo "2437"]

1.d4 d6 2.Nc3 g6 3.e4 Bg7 4.Nf3 Bg4 5.Be3 Nd7 6.Be2 c5 7.O-O Bxf3 8.Bxf3 cxd4
9.Bxd4 Ngf6 10.Qe2 O-O 11.Rfd1 Qa5 12.Rab1 a6 13.g3 Rab8 14.Bg2 b5 15.a3 Qc7
16.g4 e6 17.h3 Rfe8 18.g5 Nh5 19.Bxg7 Nxg7 20.Qe3 h6 21.e5 Nxe5 22.Ne4 Red8
23.Nf6+ Kh8 24.Qf4 Qe7 25.Be4 Ne8 26.Qh4 Qf8 27.Rd4 d5 28.Rbd1 Rdc8  0-1

[Event "chT-POL"]
[Site "Zakopane chT"]
[Date "2000.09.12"]
[Round "10"]
[White "Kasperek,R"]
[Black "Skalik,P"]
[Result "0-1"]
[WhiteElo "2316"]
[BlackElo "2420"]

1.e4 g6 2.d4 Bg7 3.Nc3 d6 4.Nf3 a6 5.Bc4 b5 6.Bb3 e6 7.Bg5 Ne7 8.Qd2 h6 9.Be3 Bb7
10.d5 e5 11.g4 h5 12.gxh5 Rxh5 13.a4 bxa4 14.Bxa4+ Nd7 15.Ne2 Kf8 16.Ng3 Rh3
17.Ng5 Rh4 18.O-O Kg8 19.f4 exf4 20.Bxf4 Nf6 21.c4 Ng4 22.Nxf7 Qb8 23.Ne2 Qa7+
24.Kg2 Rf8 25.Bd7 Rxf7 26.Be6 Nf6 27.Bg5 Rxe4 28.Bxf7+ Kxf7 29.Rf4 Rxc4 30.Raf1 Rxf4
31.Rxf4 Nf5 32.h3 Ne3+  0-1

[Event "zt 1.1"]
[Site "Mondariz ESP"]
[Date "2000.09.13"]
[Round "10"]
[White "Magem Badals,J"]
[Black "Nijboer,F"]
[Result "0-1"]
[WhiteElo "2482"]
[BlackElo "2537"]

1.e4 d6 2.d4 g6 3.Nc3 Bg7 4.Bg5 c6 5.Qd2 b5 6.f4 Nf6 7.Bd3 O-O 8.Nf3 Bg4
9.O-O-O Nbd7 10.f5 b4 11.Ne2 d5 12.exd5 Nxd5 13.fxg6 fxg6 14.h4 Qa5 15.Kb1 Be6
16.Qe1 Rxf3 17.gxf3 Bf7 18.Nc1 Qb6 19.Be4 N7f6 20.h5 Nxh5 21.Rxh5 gxh5 22.Qg1 Kh8
23.Bxd5 cxd5 24.Bxe7 a5 25.Bc5 Qf6 26.Nd3 Rc8 27.f4 Bg6 28.Ne5 Be4 29.Qe3 Qf5
30.Qf2 Rxc5 31.dxc5 Bxe5 32.c6 Qxf4 33.Qxf4 Bxf4 34.Rf1 Be5  0-1

[Event "World Seniors (Women)"]
[Site "Rowy POL"]
[Date "2000.09.13"]
[Round "3"]
[White "Dymshits,G"]
[Black "Zvorykina,K"]
[Result "1/2-1/2"]
[WhiteElo "2031"]
[BlackElo "2160"]

1.e4 d6 2.d4 g6 3.Nc3 Bg7 4.Be3 Nd7 5.f4 e5 6.Nf3 exd4 7.Bxd4 Ngf6 8.e5 dxe5
9.fxe5 Nh5 10.Qd2 c5 11.Bf2 Nxe5 12.Qxd8+ Kxd8 13.O-O-O+ Kc7 14.Nb5+ Kb6
15.Nxe5 Bxe5 16.Rd5 Bf4+ 17.Kb1 Re8 18.Bxc5+ Kc6 19.Bc4 Nf6 20.Nd4+ Kc7 21.Bd6+ Bxd6
22.Nb5+ Kb8 23.Rxd6 Be6 24.Bxe6 fxe6 25.Re1 b6 26.Rdxe6 Rf8 27.Re7 a6 28.Nd6 Ra7
29.Rxa7 Kxa7 30.Re7+ Ka8 31.Rf7 Rxf7 32.Nxf7 Ng4 33.h3 Ne3 34.g4 Ng2 35.Ng5 Nf4
36.h4 h5 37.gxh5 gxh5 38.Kc1 Kb7 39.Kd2 Kc6 40.Nf3 Kd5 41.Ke3 Ng6 42.b3 b5
43.c3 a5 44.Kd3 Nf4+ 45.Ke3 Ng6 46.Kd3 Nf4+ 47.Ke3 Ng6  1/2-1/2